Satakunnan kunnat kartalla - Statistics

Yleistilastot
  • Tätä visaa on pelattu 11 546 kertaa
  • Keskiarvotulos 11 / 16
Vastaukset kartalla
Vastauksille on annettu kartalla punavihreä väri sen mukaan, kuinka moni on saanut sen oikein.
 
Vastaustilastot
Vaakuna Väkiluku Kunta % Oikein
v 83 375 Pori
99%
v 38 957 Rauma
93%
v 11 089 Eura
79%
v 9 056 Eurajoki
74%
v 12 397 Ulvila
72%
v 2 906 Merikarvia
71%
v 12 481 Kankaanpää
66%
v 4 951 Nakkila
66%
v 6 656 Harjavalta
64%
v 9 554 Huittinen
64%
v 2 174 Karvia
64%
v 6 288 Säkylä
64%
v 1 943 Pomarkku
63%
v 6 710 Kokemäki
62%
v 1 263 Siikainen
52%
v 1 670 Jämijärvi
49%
Ehtoja vastaavia visoja ei löytynyt
Tulosjakauma
Jokaisen tuloksen saaneiden osuus
Persentiili vastausten määrän mukaan
Tuloshistoriasi
Et ole pelannut tätä visaa